000 00403nam a2200133Ia 4500
008 171212s9999 xx 000 0 und d
020 _a9780874216462
100 _aBilgere, George
245 _cBilgere, George
_aHaywire
_bPoems
260 _bUniversity Press of Colorado
_c2006
440 _aSwenson Poetry Award
650 _aLanguage & Literature
856 _uwww.jstor.org/stable/10.2307/j.ctt4cgmcn
999 _c353080
_d353080